000 00414nam a2200169Ia 4500
008 230524s9999 xx 000 0 und d
020 _a8172244010
082 _bTOY
100 _aHugh Toye
_941775
245 0 _aSubhash Chandra Bose The Springing Tiger
250 _a1
260 _aNew Delhi
_bJaico
_c2015
300 _a357p;
500 _aQuantity Number: 1
650 _aMisalliance
_941776
942 _cBK
999 _c56210
_d56210